Foot: Classement du RC Lens saison par saison - Statistiques

Statistiques générales
  • Ce quiz a été pris 345 fois
    24 depuis la dernière actualisation
  • Le résultat moyen est 37 sur 88
Statistiques - réponses
saison division Rang % Correct
2025-26 Ligue 1 2
79%
2022-23 Ligue 1 2
74%
2021-22 Ligue 1 7
74%
2023-24 Ligue 1 7
74%
2024-25 Ligue 1 8
74%
1932-33 DH-Nord 2
68%
2019-20 Ligue 2 2
68%
1934-35 Division 2 5
68%
1933-34 DH-Nord 7
68%
2020-21 Ligue 1 7
68%
1936-37 Division 2 1
63%
1937-38 Division 1 14
63%
1946-47 Division 1 17
63%
2014-15 Ligue 1 20
63%
1935-36 Division 2 4
63%
1938-39 Division 1 7
63%
2008-09 Ligue 2 1
58%
2017-18 Ligue 2 14
58%
2010-11 Ligue 1 19
58%
2013-14 Ligue 2 2
58%
2016-17 Ligue 2 4
58%
2018-19 Ligue 2 5
58%
1945-46 Division 1 6
58%
2015-16 Ligue 2 6
58%
1948-49 Division 2 1
53%
1997-98 Division 1 1
53%
2009-10 Ligue 1 11
53%
2011-12 Ligue 2 12
53%
2012-13 Ligue 2 12
53%
2007-08 Ligue 1 18
53%
2000-01 Division 1 14
47%
1949-50 Division 1 15
47%
1950-51 Division 1 16
47%
2001-02 Division 1 2
47%
2005-06 Ligue 1 4
47%
1999-00 Division 1 5
47%
2006-07 Ligue 1 5
47%
1998-99 Division 1 6
47%
2004-05 Ligue 1 7
47%
1947-48 Division 2 8
47%
2002-03 Ligue 1 8
47%
2003-04 Ligue 1 8
47%
1977-78 Division 1 18
42%
1978-79 Division 2 2
42%
1990-91 Division 2 2
42%
1988-89 Division 1 20
42%
1972-73 Division 2 1
37%
1951-52 Division 1 13
37%
1996-97 Division 1 13
37%
1970-71 Division 2 3
37%
1971-72 Division 2 3
37%
1969-70 CFA Nord 4
37%
1968-69 Division 2 7
37%
1989-90 Division 2 8
37%
1973-74 Division 1 10
32%
1993-94 Division 1 10
32%
1954-55 Division 1 3
32%
1994-95 Division 1 5
32%
1995-96 Division 1 5
32%
1952-53 Division 1 7
32%
1953-54 Division 1 7
32%
1991-92 Division 1 8
32%
1992-93 Division 1 9
32%
1957-58 Division 1 11
26%
1980-81 Division 1 13
26%
1981-82 Division 1 13
26%
1975-76 Division 1 15
26%
1967-68 Division 1 17
26%
1955-56 Division 1 2
26%
1956-57 Division 1 2
26%
1976-77 Division 1 2
26%
1974-75 Division 1 7
26%
1979-80 Division 1 9
26%
1960-61 Division 1 10
21%
1965-66 Division 1 12
21%
1983-84 Division 1 13
21%
1958-59 Division 1 16
21%
1962-63 Division 1 16
21%
1963-64 Division 1 3
21%
1982-83 Division 1 4
21%
1959-60 Division 1 6
21%
1961-62 Division 1 7
21%
1984-85 Division 1 7
21%
1964-65 Division 1 8
21%
1966-67 Division 1 8
21%
1986-87 Division 1 10
16%
1985-86 Division 1 5
16%
1987-88 Division 1 17
11%
Aucun quiz correspondant
Distribution des résultats
% des personnes avec chaque résultat
Percentile par nombre de réponses
Votre historique - résultats
Vous n’avez pas pris ce quiz depuis la dernière actualisation